|
|
|
|
| LEADER |
00000naa2a2200000 4500 |
| 001 |
391536 |
| 005 |
20231101064109.0 |
| 035 |
|
|
|a (RuTPU)RU\TPU\prd\25845
|
| 090 |
|
|
|a 391536
|
| 100 |
|
|
|a 20040428a2003 k y0rusy50 ca
|
| 101 |
0 |
|
|a rus
|
| 102 |
|
|
|a RU
|
| 200 |
1 |
|
|a Компьютерный анализатор пульсовой волны и электрической активности сердца "Пульс"
|f И. С. Явелов, Е. В. Колпаков
|
| 225 |
1 |
|
|a Исследования, конструирование и технология
|
| 320 |
|
|
|a Библиогр.: 12 назв.
|
| 461 |
|
1 |
|0 (RuTPU)RU\TPU\prd\1623
|x 0025-8075
|t Медицинская техника
|l Biomedical Engineering
|o научно-технический журнал
|d 1976-
|
| 463 |
|
1 |
|0 (RuTPU)RU\TPU\prd\16981
|t № 4
|v С. 11-16
|d 2003
|
| 610 |
1 |
|
|a пульсовая волна
|
| 610 |
1 |
|
|a компьютерный анализатор
|
| 610 |
1 |
|
|a электирическая активность
|
| 610 |
1 |
|
|a диагностическая аппаратура
|
| 610 |
1 |
|
|a сердечная деятельность
|
| 610 |
1 |
|
|a анализатор "Пульс"
|
| 610 |
1 |
|
|a применение
|
| 610 |
1 |
|
|a волоконно-оптические преобразователи
|
| 610 |
1 |
|
|a блок-схемы
|
| 675 |
|
|
|a 615.471.03:616.12-008.1]:681.31
|v 3
|
| 700 |
|
1 |
|a Явелов
|b И. С.
|
| 701 |
|
1 |
|a Колпаков
|b Е. В.
|
| 801 |
|
1 |
|a RU
|b 63413507
|c 20040428
|g PSBO
|
| 801 |
|
2 |
|a RU
|b 63413507
|c 20141020
|g RCR
|
| 942 |
|
|
|c BK
|